<?xml version="1.0" encoding="UTF-8"?>
<record
    xmlns:xsi="http://www.w3.org/2001/XMLSchema-instance"
    xsi:schemaLocation="http://www.loc.gov/MARC21/slim http://www.loc.gov/standards/marcxml/schema/MARC21slim.xsd"
    xmlns="http://www.loc.gov/MARC21/slim">

  <leader>02464nam a2200289   4500</leader>
  <controlfield tag="001">113681</controlfield>
  <controlfield tag="003">DR-UNIBE</controlfield>
  <controlfield tag="005">20260311062603.0</controlfield>
  <controlfield tag="008">250526b2008    dr ||||| |||| 00| 0 spa d</controlfield>
  <datafield tag="020" ind1=" " ind2=" ">
    <subfield code="a">9789993481393</subfield>
  </datafield>
  <datafield tag="040" ind1=" " ind2=" ">
    <subfield code="a">BIBLIOTECA UNIBE</subfield>
    <subfield code="b">spa</subfield>
    <subfield code="c">BIBLIOTECA UNIBE</subfield>
  </datafield>
  <datafield tag="041" ind1=" " ind2=" ">
    <subfield code="a">spa</subfield>
  </datafield>
  <datafield tag="082" ind1=" " ind2=" ">
    <subfield code="2">22</subfield>
    <subfield code="a">RD 972.9304 V422c</subfield>
  </datafield>
  <datafield tag="100" ind1=" " ind2=" ">
    <subfield code="a">Vega B., Wenceslao,</subfield>
    <subfield code="q">(Vega Boyrie, Wenceslao Nicol&#xE1;s),</subfield>
    <subfield code="d">1932-</subfield>
    <subfield code="e">autor</subfield>
    <subfield code="9">195939</subfield>
  </datafield>
  <datafield tag="245" ind1="1" ind2="3">
    <subfield code="a">La constituci&#xF3;n de C&#xE1;diz y Santo Domingo /</subfield>
    <subfield code="c">Wenceslao Vega B.</subfield>
  </datafield>
  <datafield tag="260" ind1=" " ind2=" ">
    <subfield code="a">Santo Domingo :</subfield>
    <subfield code="b">Fundaci&#xF3;n Garc&#xED;a Ar&#xE9;valo,</subfield>
    <subfield code="c">2008</subfield>
  </datafield>
  <datafield tag="300" ind1=" " ind2=" ">
    <subfield code="a">138 p&#xE1;ginas :</subfield>
    <subfield code="b">ilustraciones, fotograf&#xED;as a blanco y negro ;</subfield>
    <subfield code="c">23 cm.</subfield>
  </datafield>
  <datafield tag="490" ind1=" " ind2=" ">
    <subfield code="a">Monogr&#xE1;fica ;</subfield>
    <subfield code="v">33</subfield>
  </datafield>
  <datafield tag="504" ind1=" " ind2=" ">
    <subfield code="a">Incluye referencias bibliogr&#xE1;ficas (p&#xE1;ginas: 132-133) e &#xED;ndice</subfield>
  </datafield>
  <datafield tag="505" ind1="0" ind2=" ">
    <subfield code="a">Presentaci&#xF3;n |
PRIMERA PARTE. LOS DIPUTADOS DOMINICANOS EN LAS CORTES DE C&#xC1;DIZ, 1810-1813 |
1.	Introducci&#xF3;n |
2.	Breve rese&#xF1;a hist&#xF3;rica de la &#xE9;poca: Espa&#xF1;a, Am&#xE9;rica, Santo Domingo |
3.	Am&#xE9;rica y las Cortes de C&#xE1;diz |
4.	El proceso electoral |
5.	Biograf&#xED;as de los dos diputados por Santo Domingo en las Cortes Constitucionales de C&#xE1;diz |
6.	Car&#xE1;cter de la diputaci&#xF3;n dominicana |
7.	Bibliograf&#xED;a |
Fotograf&#xED;as |
Anexos |
Anexo 1. Primeras p&#xE1;ginas del acta de la sesi&#xF3;n inaugural de las Cortes de C&#xE1;diz del 24 de septiembre de 1810, con la lista de los diputados asistentes |
Anexo 2. Portada y &#xFA;ltimas p&#xE1;ginas con las firmas de la Constituci&#xF3;n de C&#xE1;diz del 18 de marzo de 1812 |
Anexo 3. Relaci&#xF3;n de los actos celebrados en Santo Domingo, los d&#xED;as 18 y 19 de julio de 1812, para la publicaci&#xF3;n y jura de la Constituci&#xF3;n Espa&#xF1;ola |
Anexo 4. Defensa de Jos&#xE9; &#xC1;lvarez de Toledo en el peri&#xF3;dico "The Sun of Baltimore" |
SEGUNDA PARTE - PRESENCIA DE LA CONSTITUCI&#xD3;N DE C&#xC1;DIZ DE 1812 EN LA PRIMERA CONSTITUCI&#xD3;N DOMINICANA |
1.	Pre&#xE1;mbulo |
2.	Breve historia de Santo Domingo hasta 1812 |
3.	La Constituci&#xF3;n de C&#xE1;diz en Santo Domingo |
4.	Influencia de la Constituci&#xF3;n de C&#xE1;diz en la primera Constituci&#xF3;n dominicana |
Conclusiones |
Bibliograf&#xED;a
</subfield>
  </datafield>
  <datafield tag="651" ind1=" " ind2="7">
    <subfield code="a">Rep&#xFA;blica Dominicana</subfield>
    <subfield code="x">Historia</subfield>
    <subfield code="y">Espa&#xF1;a Boba, 1809-1821</subfield>
    <subfield code="9">195940</subfield>
  </datafield>
  <datafield tag="651" ind1=" " ind2="7">
    <subfield code="2">lemb</subfield>
    <subfield code="a">Rep&#xFA;blica Dominicana</subfield>
    <subfield code="x">Historia constitucional</subfield>
    <subfield code="9">194322</subfield>
  </datafield>
  <datafield tag="651" ind1=" " ind2="7">
    <subfield code="2">lemb</subfield>
    <subfield code="a">Espa&#xF1;a</subfield>
    <subfield code="x">Historia constitucional</subfield>
    <subfield code="9">195941</subfield>
  </datafield>
  <datafield tag="700" ind1="1" ind2=" ">
    <subfield code="a">Chez Checo, Jos&#xE9;,</subfield>
    <subfield code="d">1949-</subfield>
    <subfield code="e">cuidado de edici&#xF3;n</subfield>
    <subfield code="e">presentaci&#xF3;n</subfield>
    <subfield code="9">15500</subfield>
  </datafield>
  <datafield tag="700" ind1="1" ind2=" ">
    <subfield code="a">Pou de Garc&#xED;a, Francis</subfield>
    <subfield code="e">coordinadora general</subfield>
    <subfield code="9">195942</subfield>
  </datafield>
  <datafield tag="942" ind1=" " ind2=" ">
    <subfield code="2">ddc</subfield>
    <subfield code="c">BK</subfield>
  </datafield>
  <datafield tag="999" ind1=" " ind2=" ">
    <subfield code="c">113681</subfield>
    <subfield code="d">113681</subfield>
  </datafield>
  <datafield tag="952" ind1=" " ind2=" ">
    <subfield code="0">0</subfield>
    <subfield code="1">0</subfield>
    <subfield code="2">ddc</subfield>
    <subfield code="7">0</subfield>
    <subfield code="8">GEN-RD</subfield>
    <subfield code="a">Principal</subfield>
    <subfield code="d">2025-03-26</subfield>
    <subfield code="l">0</subfield>
    <subfield code="o">RD 972.9304 V422c</subfield>
    <subfield code="p">250513</subfield>
    <subfield code="r">2025-05-26 15:35:29</subfield>
    <subfield code="t">Ej. 1</subfield>
    <subfield code="w">2025-05-26</subfield>
    <subfield code="y">BK</subfield>
  </datafield>
</record>
